000 00572nam a2200169Ia 4500
008 090124s9999 xx 000 0 und d
082 _b36206
100 _aजयदयाल गोयन्दका
245 _a संक्षिप्त महाभारत
250 _a1
300 _a864
600 _aजयदयाल गोयन्दका
630 _a संक्षिप्त महाभारत
700 _aजयदयाल गोयन्दका
730 _a संक्षिप्त महाभारत
942 _cBOOK
999 _c102259
_d102259